MARC

LEADER 00000nam0a2200000 4500
001 248227
005 20231101232352.0
035 |a (RuTPU)RU\TPU\book\269966 
090 |a 248227 
100 |a 20140120d1971 km y0rusy50 ca 
101 0 |a rus 
102 |a RU 
105 |a c a 001zb 
200 1 |a Александр Николаевич Теренин  |f Академия наук СССР (АН СССР) ; сост. Р. И. Горячева , О. Ф. Румянцева , М. В. Савостьянова 
210 |a Москва  |c Наука  |d 1971 
215 |a 73 с.  |c ил. 
225 1 |a Материалы к биобиблиографии ученых СССР 
225 1 |a Серия химических наук  |v Вып. 47 
320 |a Указатели: с. 65-69. 
600 1 |a Теренин  |b А. Н.  |c российский физик  |c физикохимик  |f 1896-1967  |g Александр Николаевич  |2 stltpush  |3 (RuTPU)RU\TPU\pers\15606  |9 5417 
606 1 |a Библиографические пособия  |x По химии  |2 stltpush  |3 (RuTPU)RU\TPU\subj\28562  |9 52080 
606 1 |a Химики  |x Персоналии  |2 stltpush  |3 (RuTPU)RU\TPU\subj\69968  |9 84576 
610 1 |a химия 
610 1 |a химики 
610 1 |a СССР 
610 1 |a персоналии 
610 1 |a химическая наука 
610 1 |a история 
610 1 |a библиографические указатели 
675 |a 54(092)(01)  |v 3 
686 |a Я19:54  |v LBC/SL-A  |2 rubbk 
702 1 |a Горячева  |b Р. И.  |4 220 
702 1 |a Румянцева  |b О. Ф.  |4 220 
702 1 |a Савостьянова  |b М. В.  |4 220 
712 0 2 |a Академия наук СССР (АН СССР)  |2 stltpush  |3 (RuTPU)RU\TPU\col\722 
801 1 |a RU  |b 63413507  |c 20140120 
801 2 |a RU  |b 63413507  |c 20140122  |g RCR 
942 |c BK